000 00796nam a2200241Ia 4500
003 OSt
005 20220923223918.0
006 a|||||r|||| 00| 0
007 ta
008 220922b |||||||| |||| 00| 0 hin d
024 _a223,204
037 _cTextual
040 _aARTS
_cARTS
_bhin
041 _2hin
_ahin
082 _aO152v2.N5, P3-;4
100 _aशुक्ल, रामचन्द्र
245 0 _aहिन्दी साहित्य का इतिहास
246 _aHindī sāhitya kā itihāsa
260 _aनयी दिल्ली
_b प्रकाशन संस्थान
_c2003
300 _a536पृ.
_ccm.
942 _hO152v2.N5, P3-;4
_cTEXL
_2CC
999 _c368171
_d368171